Cents ans de chanson française (Record no. 106402)

MARC details
000 -LEADER
campo de control de longitud fija 00967nam a2200289 i 4500
001 - NÚMERO DE CONTROL
campo de control 106402
003 - IDENTIFICADOR DE NÚMERO DE CONTROL
campo de control ES-MaACL
005 - FECHA Y HORA DE LA ÚLTIMA TRANSACCIÓN
campo de control 20250708022753.0
007 - CAMPO FIJO DE DESCRIPCIÓN FÍSICA--INFORMACIÓN GENERAL
campo de control de longitud fija t|
008 - DATOS DE LONGITUD FIJA--INFORMACIÓN GENERAL
campo de control de longitud fija 061110s1996 fr ||||1| fre d
020 ## - NÚMERO INTERNACIONAL ESTÁNDAR DEL LIBRO
Número Internacional Estándar del Libro 2-02-028140-6
080 ## - NÚMERO DE LA CLASIFICACIÓN DECIMAL UNIVERSAL
Número de la Clasificación Decimal Universal 784.4.036(44)"19"
080 ## - NÚMERO DE LA CLASIFICACIÓN DECIMAL UNIVERSAL
Número de la Clasificación Decimal Universal 929(44)"19":78(038)
100 1# - ENTRADA PRINCIPAL--NOMBRE DE PERSONA
Nombre de persona Brunschwig, Chantal.
9 (RLIN) 32208
245 10 - MENCIÓN DEL TÍTULO
Título Cents ans de chanson française
Resto del título : 1880-1980 /
Mención de responsabilidad, etc. Chantal Brunschwig, Louis-Jean Calvet, Jean-Claude Klein.
260 ## - PUBLICACIÓN, DISTRIBUCIÓN, ETC.
Lugar de publicación, distribución, etc. Paris :
Nombre del editor, distribuidor, etc. Seuil,
Fecha de publicación, distribución, etc. [1996]
300 ## - DESCRIPCIÓN FÍSICA
Extensión 443 p. ;
Dimensiones 18 cm.
490 1# - MENCIÓN DE SERIE
Mención de serie Points. Actuels
500 ## - NOTA GENERAL
Nota general Biblioteca Jacinto Martínez Lacalle.
650 14 - PUNTO DE ACCESO ADICIONAL DE MATERIA--TÉRMINO DE MATERIA
Término de materia o nombre geográfico como elemento de entrada Canciones francesas-
Subdivisión cronológica S.XX-
Subdivisión de forma Diccionarios
9 (RLIN) 10730
650 14 - PUNTO DE ACCESO ADICIONAL DE MATERIA--TÉRMINO DE MATERIA
Término de materia o nombre geográfico como elemento de entrada Cantantes-
Subdivisión geográfica Francia-
Subdivisión general Biografías-
Subdivisión de forma Diccionarios.
9 (RLIN) 10746
700 1# - ENTRADA AGREGADA--NOMBRE PERSONAL
Nombre de persona Calvet, Louis-Jean.
9 (RLIN) 33812
700 1# - ENTRADA AGREGADA--NOMBRE PERSONAL
Nombre de persona Klein, Jean-Claude.
9 (RLIN) 68210
830 0# - PUNTO DE ACCESO ADICIONAL DE SERIE-TÍTULO UNIFORME
Título uniforme Points. Actuels
9 (RLIN) 232843
852 ## - LOCALIZACIÓN
Ubicación ES-MaACL
Número de control de estantería E-11388
Sublocalización o colección R.139130
Holdings
Estatus retirado Estado de pérdida Estado de daño No para préstamo Biblioteca de origen Biblioteca actual Ubicación en estantería Fecha de adquisición Fuente de adquisición Total de préstamos Signatura topográfica completa Código de barras Visto por última vez Precio de reemplazo Tipo de ítem Koha
        Biblioteca del Ateneo de Madrid Biblioteca del Ateneo de Madrid Depósito 2 17/01/2008     E-11388 1111071 23/02/2023 23/02/2023 Libro impreso